[Event "Plunge-ch"]
[Site "Plunge"]
[Date "2009.01.04"]
[Round "2"]
[White "Semionovas, Sergejus"]
[Black "Zalimaite, Ieva"]
[Result "1-0"]
[WhiteElo "2024"]
[BlackElo "1857"]
[PlyCount "77"]
[EventDate "2008.12.21"]
[EventType "swiss"]
[EventRounds "9"]
[EventCountry "LTU"]
[SourceTitle "EXT 2012"]
[Source "ChessBase"]
[SourceDate "2011.11.24"]
[SourceVersion "1"]
[SourceVersionDate "2011.11.24"]
[SourceQuality "1"]

1. e4 e6 2. d4 d5 3. exd5 exd5 4. Bd3 Bd6 5. Qf3 Nc6 6. Ne2 Nce7 7. Bg5 f6 8. Bf4 Ng6 9. Bg3 Nh6 10. 0-0 Bxg3 11. fxg3 0-0 12. Bxg6 hxg6 13. Nf4 c6 14. Nxg6 Re8 15. Nf4 Qb6 16. Qc3 Nf5 17. Nd2 Re3 18. Qc5 Qxb2 19. Rae1 Bd7 20. Rxe3 Nxe3 21. Rb1 Qxc2 22. Qxc2 Nxc2 23. Rxb7 Bf5 24. Nb3 a5 25. h4 g6 26. g4 Be4 27. a4 Ne3 28. g5 fxg5 29. hxg5 Rf8 30. g3 Nf5 31. Nxg6 Re8 32. g4 Nd6 33. Rd7 Nf7 34. Ne7+ Kf8 35. g6 Nh6 36. g7+ Kxg7 37. Nf5+ Kg6 38. Rd6+ Kg5 39. Nxh6 1-0

[Event "Plunge-ch"]
[Site "Plunge"]
[Date "2008.02.17"]
[Round "5.1"]
[White "Rimeikis, Andrius"]
[Black "Semionovas, Sergejus"]
[Result "0-1"]
[WhiteElo "1902"]
[BlackElo "1976"]
[PlyCount "68"]
[EventDate "2008.01.20"]
[EventType "tourn"]
[EventRounds "11"]
[EventCountry "LTU"]
[SourceTitle "EXT 2023"]
[Source "ChessBase"]
[SourceDate "2022.10.05"]
[SourceVersion "1"]
[SourceVersionDate "2022.10.05"]
[SourceQuality "1"]

1. e4 e6 2. d4 d5 3. Nd2 dxe4 4. Nxe4 Nd7 5. Nf3 Ngf6 6. Bd3 c5 7. 0-0 cxd4 8. Neg5 Bc5 9. c3 0-0 10. cxd4 Be7 11. Qb3 Qb6 12. Qc2 h6 13. Nh3 Nd5 14. Bc4 N7f6 15. Nf4 Bd7 16. Nxd5 exd5 17. Bd3 Rfc8 18. Qb3 Qxb3 19. axb3 a6 20. Ne5 Be6 21. f3 Bd8 22. Bd2 Bb6 23. Bc3 Rc7 24. Rfd1 Ne8 25. Kf1 Nd6 26. Ke1 Re8 27. Kd2 Bf5 28. g4 Bxd3 29. Kxd3 Nb5 30. Rac1 Rec8 31. Bd2 Bxd4 32. f4 Bxb2 33. Rxc7 Rxc7 34. Rb1 Bxe5 0-1

[Event "LTU-ch U18"]
[Site "Panevezys"]
[Date "2007.03.27"]
[Round "7"]
[White "Salickas, Vytenis"]
[Black "Semionovas, Sergejus"]
[Result "0-1"]
[WhiteElo "2048"]
[BlackElo "1944"]
[PlyCount "58"]
[EventDate "2007.03.23"]
[EventType "swiss"]
[EventRounds "9"]
[EventCountry "LTU"]
[SourceTitle "EXT 2022"]
[Source "ChessBase"]
[SourceDate "2021.10.06"]
[SourceVersion "1"]
[SourceVersionDate "2021.10.06"]
[SourceQuality "1"]

1. e4 e6 2. d3 d5 3. Nd2 b6 4. g3 dxe4 5. dxe4 Bb7 6. Bg2 Nf6 7. Ne2 Nbd7 8. 0-0 a5 9. Re1 Ne5 10. b3 Bb4 11. a3 Bc5 12. h3 Qd6 13. Bb2 Rd8 14. Nf4 Qxd2 15. Qxd2 Rxd2 16. Bxe5 Bxf2+ 17. Kf1 Bxe1 18. Kxe1 Rxc2 19. Kd1 Rc5 20. Nd3 Rb5 21. a4 Rxe5 22. Nxe5 Bxe4 23. Bf1 0-0 24. Rc1 Rd8+ 25. Ke2 c5 26. Ke3 Rd4 27. Bc4 Nd5+ 28. Bxd5 Bxd5 29. Nd7 Rb4 0-1

[Event "LTU-ch U18"]
[Site "Panevezys"]
[Date "2007.03.26"]
[Round "6"]
[White "Semionovas, Sergejus"]
[Black "Buivys, Martynas"]
[Result "1-0"]
[WhiteElo "1944"]
[BlackElo "1861"]
[PlyCount "94"]
[EventDate "2007.03.23"]
[EventType "swiss"]
[EventRounds "9"]
[EventCountry "LTU"]
[SourceTitle "EXT 2022"]
[Source "ChessBase"]
[SourceDate "2021.10.06"]
[SourceVersion "1"]
[SourceVersionDate "2021.10.06"]
[SourceQuality "1"]

1. e4 c6 2. d4 d5 3. e5 Bf5 4. g4 Be4 5. f3 Bg6 6. h4 h5 7. Bd3 Bxd3 8. Qxd3 e6 9. Bg5 Qa5+ 10. c3 Qa6 11. Qc2 c5 12. Ne2 Nc6 13. Kf2 cxd4 14. cxd4 Nge7 15. Nbc3 Rc8 16. a3 Na5 17. Qa4+ Nec6 18. b4 Nc4 19. Qxa6 bxa6 20. Rhb1 a5 21. b5 Nb8 22. a4 Nd7 23. Kg3 Ndb6 24. Rb3 Bb4 25. Na2 Ba3 26. Nac1 Be7 27. Bxe7 Kxe7 28. Nd3 hxg4 29. fxg4 Nd2 30. Rb2 Nbc4 31. Rc2 Ne4+ 32. Kh3 Ne3 33. Rxc8 Rxc8 34. Rc1 Rxc1 35. Nexc1 Nc3 36. Nc5 Nc2 37. N1b3 Ne2 38. Nxa5 Ncxd4 39. h5 Nc3 40. g5 Nf3 41. Nc6+ Ke8 42. Kg4 Nh2+ 43. Kg3 Nf1+ 44. Kh4 Ne3 45. Nxa7 Nf5+ 46. Kg4 Kd8 47. b6 d4 1-0